000 00946nam a2200277 i 4500
001 104975
003 ES-MaACL
005 20250805063254.0
007 t|
008 060602s1944 fr ||||1| fre d
080 _a808.1:82-1(02)"-03"
080 _a808(02)"-03"
100 0 _aAristóteles
_922861
245 1 0 _aArt rhétorique et art poétique /
_cAristote ; traduction nouvelle avec texte, introduction et notes par Jean Voilquin et Jean Capelle.
260 _aParis :
_bGarnier,
_c1944.
300 _aXIII, 572 p. ;
_c19 cm.
490 1 _aClassiques Garnier
500 _aBiblioteca Jacinto Martínez Lacalle.
650 1 4 _aRetórica-
_vObras anteriores a 1800.
_916886
650 1 4 _aPoética-
_vObras anteriores a 1800.
_916257
700 1 _aVoilquin, Jean.
_9115677
700 1 _aCapelle, Jean.
_934827
830 0 _aClassiques Garnier
_9184859
852 _aES-MaACL
_jE-11298
_bR.138956
999 _c104975
_d104975